000 00505nam a2200133Ia 4500
008 170516s9999 xx 000 0 und d
245 _aOn the risk to low doses (<100 mSv) of ionizing radiation during medical imaging procedures - IOMP policy statement
260 _bJournal of Medical Physics
260 _c2013
300 _a38:2
650 _xRadiologic Technology
650 _xRadtech
856 _uhttp://www.jmp.org.in/showBackIssue.asp?issn=0971-6203;year=2013;volume=38;issue=2;month=April-June
999 _c332679
_d332679